| 000 | 004230000a22001690004500 | ||
|---|---|---|---|
| 003 | MACL | ||
| 005 | 20160113153818.0 | ||
| 008 | 160113b xxu||||| |||| 00| 0 eng d | ||
| 040 |
_aMACL _cMACL |
||
| 041 | _aEnglish | ||
| 082 | _a953/STR | ||
| 100 |
_aStrange, G LE _931873 |
||
| 245 | _aBaghdad during the Abbasid Caliphate | ||
| 260 | _bOxford University Press | ||
| 650 |
_aHistory _931874 |
||
| 942 |
_cBK _k953/STR _2ddc |
||
| 999 |
_c36962 _d36962 |
||